000
00274 a2200133 4500
001
154864
040
_c
Escola São Tomás de Aquino
240
1
0
_a
Astronomia hoje
_l
por
245
1
0
_a
Astronomia hoje
300
_a
167
362
0
_a
2010
697
_a
FÍSICA
942
_c
BK
999
_c
154864
_d
154864